مكتبة جامعة عجلون الوطنية

فهرس بحث المكتبة

Understanding nutrition / (Record no. 33506)

MARC details
000 -LEADER
fixed length control field 01534cam a22004097a 4500
001 - CONTROL NUMBER
control field 14693019
003 - CONTROL NUMBER IDENTIFIER
control field JO-AjAnu
005 - DATE AND TIME OF LATEST TRANSACTION
control field 20240610101135.0
008 - FIXED-LENGTH DATA ELEMENTS--GENERAL INFORMATION
fixed length control field 070110s2008 caua b 001 0 eng d
010 ## - LIBRARY OF CONGRESS CONTROL NUMBER
LC control number 2007920597
020 ## - INTERNATIONAL STANDARD BOOK NUMBER
International Standard Book Number 9780495116691
020 ## - INTERNATIONAL STANDARD BOOK NUMBER
International Standard Book Number 0495116696
020 ## - INTERNATIONAL STANDARD BOOK NUMBER
International Standard Book Number 9780495116769 (access code card)
020 ## - INTERNATIONAL STANDARD BOOK NUMBER
International Standard Book Number 0495116769 (access code card)
035 ## - SYSTEM CONTROL NUMBER
System control number (OCoLC)ocn144222407
040 ## - CATALOGING SOURCE
Original cataloging agency BTCTA
Transcribing agency BTCTA
Modifying agency BAKER
-- YDXCP
-- CUX
-- DLC
-- JO-AjAnu
Language of cataloging eng
041 ## - LANGUAGE CODE
Language code of text/sound track or separate title eng
Language code of original eng
042 ## - AUTHENTICATION CODE
Authentication code lccopycat
050 00 - LIBRARY OF CONGRESS CALL NUMBER
Classification number QP141
Item number .W46 2021
100 1# - MAIN ENTRY--PERSONAL NAME
Personal name Whitney, Eleanor Noss.
245 10 - TITLE STATEMENT
Title Understanding nutrition /
Statement of responsibility, etc. Ellie Whitney, Sharon Rady Rolfes.
250 ## - EDITION STATEMENT
Edition statement 11th ed.
260 ## - PUBLICATION, DISTRIBUTION, ETC.
Place of publication, distribution, etc. Belmont, CA :
Name of publisher, distributor, etc. Thomson Higher Education,
Date of publication, distribution, etc. 2021.
300 ## - PHYSICAL DESCRIPTION
Extent 1 v. (various pagings) :
Other physical details col. ill. ;
Dimensions 28 cm. +
Accompanying material 1 access code card.
504 ## - BIBLIOGRAPHY, ETC. NOTE
Bibliography, etc. note Includes bibliographical references and index.
650 #0 - SUBJECT ADDED ENTRY--TOPICAL TERM
Topical term or geographic name entry element Nutrition.
650 12 - SUBJECT ADDED ENTRY--TOPICAL TERM
Topical term or geographic name entry element Diet.
650 22 - SUBJECT ADDED ENTRY--TOPICAL TERM
Topical term or geographic name entry element Diet Therapy.
650 22 - SUBJECT ADDED ENTRY--TOPICAL TERM
Topical term or geographic name entry element Metabolism.
700 1# - ADDED ENTRY--PERSONAL NAME
Personal name Rolfes, Sharon Rady.
856 42 - ELECTRONIC LOCATION AND ACCESS
Materials specified Publisher description
Uniform Resource Identifier <a href="http://www.loc.gov/catdir/enhancements/fy1212/2007920597-d.html">http://www.loc.gov/catdir/enhancements/fy1212/2007920597-d.html</a>
856 41 - ELECTRONIC LOCATION AND ACCESS
Materials specified Table of contents only
Uniform Resource Identifier <a href="http://www.loc.gov/catdir/enhancements/fy1212/2007920597-t.html">http://www.loc.gov/catdir/enhancements/fy1212/2007920597-t.html</a>
856 42 - ELECTRONIC LOCATION AND ACCESS
Materials specified Contributor biographical information
Uniform Resource Identifier <a href="http://www.loc.gov/catdir/enhancements/fy1302/2007920597-b.html">http://www.loc.gov/catdir/enhancements/fy1302/2007920597-b.html</a>
906 ## - LOCAL DATA ELEMENT F, LDF (RLIN)
a 7
b cbc
c copycat
d 3
e ncip
f 20
g y-gencatlg
942 ## - ADDED ENTRY ELEMENTS (KOHA)
Source of classification or shelving scheme Library of Congress Classification
Koha item type Books
Suppress in OPAC No
Holdings
Withdrawn status Lost status Source of classification or shelving scheme Damaged status Not for loan Home library Current library Date acquired Total Checkouts Full call number Barcode Date last seen Price effective from Koha item type
    Library of Congress Classification     مكتبة جامعة عجلون الوطنية مكتبة جامعة عجلون الوطنية 08/06/2024   QP141.W46 2021 e3733 08/06/2024 08/06/2024 Books
    Library of Congress Classification     مكتبة جامعة عجلون الوطنية مكتبة جامعة عجلون الوطنية 08/06/2024   QP141.W46 2021 e3734 08/06/2024 08/06/2024 Books